Estudios superiores sobre economía de las corporaciones locales VII
ISBN:
84-600-7516-8
Descripción Física:
484 p. : gràf. ; 21 cm
Colección:
Temas de administración local ; 37
Materias:
Finances locals -- Espanya -- Congressos
MARC
| LEADER | 00000nam a2200000Ia 4500 | ||
|---|---|---|---|
| 001 | 18151 | ||
| 008 | 160829s1990 xx 000 0 cat d | ||
| 020 | |a 84-600-7516-8 | ||
| 080 | |a M-5-239 | ||
| 100 | |a Semana de Estudios Superiores sobre Economía y Gestión de las Corporaciones Locales (8s : 1989 : Granada) |9 23556 | ||
| 245 | |a Estudios superiores sobre economía de las corporaciones locales VII | ||
| 260 | |a Granada : |b Centro de Estudios Municipales y de Cooperación Interprovincial, |c 1990 | ||
| 300 | |a 484 p. : |b gràf. ; |c 21 cm | ||
| 490 | |a Temas de administración local ; 37 | ||
| 590 | |a Bibliografia. | ||
| 590 | |a Conferències pronunciades en la VIII Semana de Estudios Superiores sobre Economía y Gestión de las Corporaciones Locales, celebrada a Granada del 2 al 6 d'octubre de 1989 | ||
| 650 | 0 | |a Finances locals |x Espanya |x Congressos |9 23554 | |
| 700 | |a Centro de Estudios Municipales y de Cooperación Interprovincial |9 22688 | ||
| 901 | |a Arxiu | ||
| 942 | |n 1 | ||
| 952 | |0 0 |1 0 |4 0 |6 M5239 |7 1 |9 42751 |a Arxiu |b Arxiu |d 2016-12-01 |l 0 |o M-5-239 |p 18151 |r 2016-12-01 00:00:00 |w 2016-12-01 |y ARXIU | ||
| 999 | |c 45257 |d 45257 | ||